The British Yearbook of International law 1926 (Record no. 6103)

MARC details
000 -LEADER
fixed length control field 00388nam a22001337a 4500
008 - FIXED-LENGTH DATA ELEMENTS--GENERAL INFORMATION
fixed length control field 161107b xxu||||| |||| 00| 0 eng d
050 ## - LIBRARY OF CONGRESS CALL NUMBER
Classification number KZ21.B7(1926vol.7)
100 ## - MAIN ENTRY--PERSONAL NAME
Personal name Milford, Humphrey.
245 ## - TITLE STATEMENT
Title The British Yearbook of International law 1926
Statement of responsibility, etc. Humphrey,Milford
250 ## - EDITION STATEMENT
Edition statement Vol.7
260 ## - PUBLICATION, DISTRIBUTION, ETC.
Place of publication, distribution, etc. London.:
Name of publisher, distributor, etc. Oxford univ.Press:
Date of publication, distribution, etc. 1926.
300 ## - PHYSICAL DESCRIPTION
Extent 291pgs.:
Dimensions 24cm.
942 ## - ADDED ENTRY ELEMENTS (KOHA)
Source of classification or shelving scheme Library of Congress Classification
Koha item type Books
Holdings
Withdrawn status Lost status Source of classification or shelving scheme Damaged status Not for loan Home library Current library Shelving location Date acquired Total Checkouts Full call number Barcode Date last seen Price effective from Koha item type
    Library of Congress Classification     WISCONSIN INTERNATIONAL UNIVERSITY COLLEGE, GHANA - MAIN LIBRARY WISCONSIN INTERNATIONAL UNIVERSITY COLLEGE, GHANA - MAIN LIBRARY Law Library 07/11/2016   KZ21.B7(1926vol.7) 361/180/16 07/11/2016 07/11/2016 Books

If you have any concerns or questions; kindly contact the library


© Powered by WIUC ICT DIRECTORATE